000 01158nam0a2200325 4500
001 RU\NLR\b_ik\201938
005 20250613195045.0
010 _a978-5-89117-229-6
_9300
021 _aRU
_b2013-28892
_91988
035 _a(NLR Aleph) 009997730
090 _a9773130
_c9773130
100 _a20130508d2013 |||y0rusy50 ca
101 0 _aeng
102 _aRU
105 _aa |||||||||
200 1 _aElectrodymamics of oriented point
_fE.A. Gubarev
210 _aMoscow
_cNew Centre
_d2013
215 _a60 с.
_cил.
_d22
300 _aВ вып. дан.: Электродинамика ориентируемой точки / Евгений Алексеевич Губарев
320 _aБиблиогр.: с. 60 (9 назв.)
517 0 _aЭлектродинамика ориентируемой точки
606 1 _aЭлектродинамика
_xУравнения
_91008056
_3RU\NLR\auth\66383372
686 _aВ313.2
700 1 _aGubarev
_bE. A.
_gEvgenij Alekseevič
_4070
801 0 _aRU
_bNLR
_c20130508
_gRCR
801 1 _aRU
_bNLR
_c20130508
942 _cBOOK
980 _aNB